Statistics for She-Ra and the Princesses of Power Episodes

Click here to take the quiz!

General Stats

  • This quiz has been taken 180 times
  • The average score is 19 of 52

Answer Stats

Season 1
% Correct
The Sword (Part 1)
76%
The Sword (Part 2)
75%
Save the Cat
69%
Princess Prom
67%
The Portal
60%
Heart (Part 1)
56%
Heart (Part 2)
56%
Horde Prime
55%
Razz
53%
The Battle of Bright Moon
49%
Light Spinner
47%
Princess Scorpia
45%
Boys' Night Out
44%
Remember
44%
Beast Island
42%
Light Hope
42%
Mer-Mysteries
40%
No Princess Left Behind
40%
The Coronation
40%
Flowers for She-Ra
38%
In the Shadows of Mystacor
38%
Roll With It
38%
Huntara
36%
Promise
36%
Corridors
35%
Failsafe
35%
Flutterina
35%
The Sea Gate
35%
Hero
33%
Reunion
33%
Destiny (Part 1)
31%
Destiny (Part 2)
31%
The Frozen Forest
31%
System Failure
31%
White Out
31%
The Beacon
27%
Once Upon a Time in the Waste
25%
Return to the Fright Zone
25%
Stranded
25%
Moment of Truth
24%
Perils of Peekablue
22%
Protocol
22%
Pulse
22%
Signals
22%
The Price of Power
22%
The Valley of the Lost
22%
Ties That Bind
22%
An Ill Wind
20%
Fractures
20%
Launch
20%
Taking Control
18%
Shot in the Dark
15%

Score Distribution

Percentile by Number Answered

Percent of People with Each Score

Your Score History

You have not taken this quiz